000
00356nam a2200133Ia 4500
008
231129s9999||||xx |||||||||||||| ||spa||
020
_a
91-7702-009-1
040
_b
spa
082
_a
(i) 808.068543 C168b
100
_a
Calvino Italo
245
0
_a
El bosque - Raiz - Laberinto
264
_a
Nordan
942
_2
ddc
_c
BKS
999
_c
10377
_d
10377